Neo Barbarians / (Record no. 212073)

MARC details
000 -LEADER
fixed length control field 00536nam a22001817a 4500
005 - DATE AND TIME OF LATEST TRANSACTION
control field 20250704111121.0
010 ## - LCCN (DPL NO)
LC control number ENG-145667
020 ## - INTERNATIONAL STANDARD BOOK NUMBER
International Standard Book Number 9789390663064
Terms of availability 270.00
035 ## - SYSTEM CONTROL NUMBER
System control number EN-129199
037 ## - SOURCE OF ACQUISITION
Source of stock number/acquisition DBAD
082 ## - DEWEY DECIMAL CLASSIFICATION NUMBER
Classification number 881
100 ## - MAIN ENTRY--PERSONAL NAME
Personal name Anand Jernail Singh
245 ## - TITLE STATEMENT
Title Neo Barbarians /
Statement of responsibility, etc Jernail Singh Anand [ et.al]
260 ## - PUBLICATION, DISTRIBUTION, ETC. (IMPRINT)
Place of publication, distribution, etc Gurugram, Haryana
Name of publisher, distributor, etc Global Fraternity of Poets
Date of publication, distribution, etc 2021
270 ## - ADDRESS
Address H-23/16, DLF Phase-1
City Gurugram
Postal code 122002
300 ## - PHYSICAL DESCRIPTION
Extent 101p.
Dimensions 21.2cm(pb)
942 ## - ADDED ENTRY ELEMENTS (KOHA)
Source of classification or shelving scheme Dewey Decimal Classification
Item type English Books
Classification part 881
Call number suffix ANA
Holdings
Withdrawn status Lost status Not for loan Collection code Home library Current library Date acquired Source of acquisition Cost, normal purchase price Full call number Barcode Cost, replacement price Koha item type
      Non-fiction Sarojini Nagar Sarojini Nagar 04/07/2025 DBAD 270.00 881 ANA EN-129199 270.00 English Books

© Delhi Public Library
Hit Counter
free hit counter